| 000 | 00952nam a22002417a 4500 | ||
|---|---|---|---|
| 001 | 9602 | ||
| 003 | FISKH | ||
| 005 | 20260126093434.0 | ||
| 008 | 260126b cb ||||| |||| 00| 0 eng d | ||
| 020 | _a9780099842606 | ||
| 040 |
_aFISKH _beng _cFISKH _dFISKH |
||
| 050 | _aPS3572 .O5 .B7 | ||
| 082 | _a813.54 | ||
| 100 | _aVonnegut, Kurt | ||
| 245 |
_aBreakfast of champions / _cby Kurt Vonnegut, JR with drawing by the author |
||
| 250 | _aPublished by Vintag 2019 | ||
| 260 |
_aLondon : _bVintag, _c1973 |
||
| 300 |
_a295 pages : _c20 cm |
||
| 520 | _aOne of his favorite characters, aging writer Kilgore Trout, finds to his horror that a Midwest car dealer is taking his fiction as truth. The result is murderously funny satire as Vonnegut looks at war, sex, racism, success, politics, and pollution in America and reminds us how to see the truth. | ||
| 650 |
_aAmerican literature _vHumor _xFiction |
||
| 942 |
_2ddc _cBK _n0 |
||
| 999 |
_c9602 _d9602 |
||